000 00907cam a2200241 4500
001 L159349
008 161010n2011 000 0 eng u
020 _a978230290143
035 _a(Sirsi) u159349
041 _aeng
050 _a690.24
_c18
100 _aRiley, Mike
245 4 _aThe technology of refurbishment and maintenance
260 _aBasingstoke
_bPalgrave Macmillan
_c2011
300 _avii, 230p.
_bill.
_c25cm.
490 0 _aConstruction Technology 3
520 _aLooks at the refurbishment and maintenance of buildings, highlights common defects encountered during construction and considers the technology of maintenance and refurbishment. Identifies management issues associated with refurbishment and maintenance.
520 _aSupersedes 1 ed 1403940959
651 4 _aEngland and Wales
_y1543-
690 _aRefurbishment
_96264
700 _aCotgrave, Alison
942 _n0
999 _c115825
_d115825